| 000 | 00604nam a2200205 a 4500 | ||
|---|---|---|---|
| 001 | 000034043 | ||
| 005 | 20200930070727.0 | ||
| 008 | 110921s2004 es 000 0 spa d | ||
| 020 | _a8477371288 | ||
| 040 |
_aDO-SdBNP _bspa _cBNPHU |
||
| 100 | 1 |
_aPardo Mata, Pilar _959483 |
|
| 245 | 1 | 0 |
_aEgipto : _bde la Prehistoria a los faraones / _cPilar Pardo Mata. |
| 260 |
_aMadrid : _bSílex, _c2004. |
||
| 300 |
_a361 p. ; _c23 cm. |
||
| 490 | 1 | _aHistoria | |
| 500 | _aIncluye datos biográficos del autor en la solapa | ||
| 504 | _aBibliografía : p.251 -259 | ||
| 830 | 0 |
_aHistoria _92122 |
|
| 049 | _aBNPD | ||
| 999 |
_c33534 _d33534 |
||